FIFA world cup nations that start with I - Statistics

General Stats
  • This quiz has been taken 63 times
  • The average score is 6 of 7
Answer Stats
Years played Answer % Correct
1938 Indonesia
96%
1934, 1938, 1950, 1954, 1962, 1966, 1970, 1974, 1978, 1982, 1986, 1990, 1994, 1998, 2002, 2006, 2010, and 2014 Italy
90%
1990, 1994, and 2002 Ireland
88%
1978, 1998, 2006, 2014, 2018, and 2022 Iran
87%
2018 Iceland
85%
1986 Iraq
77%
1970 Israel
67%
No matching quizzes found
Score Distribution
Percent of People with Each Score
Percentile by Number Answered
Your Score History
You have not taken this quiz